00355 2200145 4500245004400000020001800044250001000062100002200072650001700094005001900111260004300130041001400173084001300187336000900200 aNaruto Vol. 48cMasashi KishimotohText a9789792773415 acet 1 aMasashi Kishimoto aKomik Jepang a20240903095731 aJakartabPT Elex Media Komputidoc2010 aIndonesia a741.5592 atext